Summa theologica (Record no. 95130)
[ view plain ]
| 000 -LEADER | |
|---|---|
| fixed length control field | 00502nam a2200205Ia 4500 |
| 003 - CONTROL NUMBER IDENTIFIER | |
| control field | 0100 |
| 008 - FIXED-LENGTH DATA ELEMENTS--GENERAL INFORMATION | |
| fixed length control field | 130307s9999 xx 000 0 und d |
| 040 ## - CATALOGING SOURCE | |
| Transcribing agency | ARRUPELIB |
| 050 ## - LIBRARY OF CONGRESS CALL NUMBER | |
| Classification number | B765.T531 1947 |
| 100 ## - MAIN ENTRY--PERSONAL NAME | |
| Personal name | Aquinas, St. Thomas |
| 245 ## - TITLE STATEMENT | |
| Title | Summa theologica |
| 250 ## - EDITION STATEMENT | |
| Edition statement | First complete American edition |
| 260 ## - PUBLICATION, DISTRIBUTION, ETC. (IMPRINT) | |
| Place of publication, distribution, etc | New York |
| 260 ## - PUBLICATION, DISTRIBUTION, ETC. (IMPRINT) | |
| Name of publisher, distributor, etc | Benziger Brothers |
| 260 ## - PUBLICATION, DISTRIBUTION, ETC. (IMPRINT) | |
| Date of publication, distribution, etc | 1947 |
| 300 ## - PHYSICAL DESCRIPTION | |
| Extent | 3v. |
| 650 ## - SUBJECT ADDED ENTRY--TOPICAL TERM | |
| Topical term or geographic name as entry element | PHILOSOPHY |
| 700 ## - ADDED ENTRY--PERSONAL NAME | |
| Personal name | Fathers of the English Dominican Province |
| 942 00 - ADDED ENTRY ELEMENTS (KOHA) | |
| Koha issues (borrowed), all copies | 4 |
| Withdrawn status | Lost status | Source of classification or shelving scheme | Damaged status | Not for loan | Collection code | Home library | Current library | Shelving location | Date acquired | Total Checkouts | Full call number | Barcode | Date last seen | Date checked out | Copy number | Price effective from | Koha item type |
|---|---|---|---|---|---|---|---|---|---|---|---|---|---|---|---|---|---|
| Library of Congress Classification | Main Collection | ARRUPE LIBRARY | ARRUPE LIBRARY | Main Collection | 07/03/2013 | 4 | B765.T531 S8 1947 | 46003094849 | 09/03/2015 | 27/02/2015 | 1 | 07/03/2013 | Monograph ( Printed materials) | ||||
| Library of Congress Classification | Main Collection | ARRUPE LIBRARY | ARRUPE LIBRARY | Main Collection | 07/03/2013 | 1 | B765.T531 S8 1947 | 46003039982 | 02/11/2015 | 02/11/2015 | 2 | 07/03/2013 | Monograph ( Printed materials) | ||||
| Library of Congress Classification | Main Collection | ARRUPE LIBRARY | ARRUPE LIBRARY | Main Collection | 07/03/2013 | 2 | B765.T531 S8 1947 | 46003024590 | 30/04/2025 | 28/04/2025 | 3 | 07/03/2013 | Monograph ( Printed materials) | ||||
| Library of Congress Classification | Main Collection | ARRUPE LIBRARY | ARRUPE LIBRARY | Main Collection | 07/03/2013 | B765.T531 S8 1947 | 46003024594 | 07/03/2013 | 4 | 07/03/2013 | Monograph ( Printed materials) | ||||||
| Library of Congress Classification | Main Collection | ARRUPE LIBRARY | ARRUPE LIBRARY | Main Collection | 07/03/2013 | B765.T531 S8 1947 | 46500027602 | 07/03/2013 | 5 | 07/03/2013 | Monograph ( Printed materials) | ||||||
| Library of Congress Classification | Main Collection | ARRUPE LIBRARY | ARRUPE LIBRARY | Main Collection | 07/03/2013 | B765.T531 S8 1947 | 46003024636 | 07/03/2013 | 6 | 07/03/2013 | Monograph ( Printed materials) | ||||||
| Library of Congress Classification | Main Collection | ARRUPE LIBRARY | ARRUPE LIBRARY | Main Collection | 07/03/2013 | B765.T531 S8 1947 | 46003024644 | 07/03/2013 | 7 | 07/03/2013 | Monograph ( Printed materials) | ||||||
| Library of Congress Classification | Main Collection | ARRUPE LIBRARY | ARRUPE LIBRARY | Main Collection | 07/03/2013 | B765.T531 S8 1947 | 46500027601 | 07/03/2013 | 8 | 07/03/2013 | Monograph ( Printed materials) |